वैकासिक मानसशास्त्र (Record no. 325471)

MARC details
000 -LEADER
fixed length control field 00690nam a2200169Ia 4500
008 - FIXED-LENGTH DATA ELEMENTS--GENERAL INFORMATION
fixed length control field 090711s9999 xx 000 0 und d
082 ## - DEWEY DECIMAL CLASSIFICATION NUMBER
Item number 1776
100 ## - MAIN ENTRY--PERSONAL NAME
Personal name बोरुडे रा. र. आणि इतर
245 ## - TITLE STATEMENT
Title वैकासिक मानसशास्त्र
260 ## - PUBLICATION, DISTRIBUTION, ETC. (IMPRINT)
Name of publisher, distributor, etc पुणे विद्यार्थी गृह प्रकाशन
Date of publication, distribution, etc 1995
300 ## - PHYSICAL DESCRIPTION
Extent 374
600 ## - SUBJECT ADDED ENTRY--PERSONAL NAME
Personal name बोरुडे रा. र. आणि इतर
630 ## - SUBJECT ADDED ENTRY--UNIFORM TITLE
Uniform title वैकासिक मानसशास्त्र
700 ## - ADDED ENTRY--PERSONAL NAME
Personal name बोरुडे रा. र. आणि इतर
730 ## - ADDED ENTRY--UNIFORM TITLE
Uniform title वैकासिक मानसशास्त्र
942 ## - ADDED ENTRY ELEMENTS (KOHA)
Koha item type Book

No items available.